Halley's Bible handbook : (Record no. 6882)

MARC details
000 -LEADER
fixed length control field 00917nam a2200277 a 4500
001 - CONTROL NUMBER
control field 1119628
003 - CONTROL NUMBER IDENTIFIER
control field GBCCL
005 - DATE AND TIME OF LATEST TRANSACTION
control field 20241126110614.0
008 - FIXED-LENGTH DATA ELEMENTS--GENERAL INFORMATION
fixed length control field 931215s1965 miua 001 0 eng
010 ## -
-- 93244075
020 ## - INTERNATIONAL STANDARD BOOK NUMBER
International Standard Book Number 0310413907 (cloth)
020 ## - INTERNATIONAL STANDARD BOOK NUMBER
International Standard Book Number 0310257271 (paper)
040 ## - CATALOGING SOURCE
Original cataloging agency DLC
Transcribing agency DLC
050 00 -
-- BS491.2
-- .H355 1993
082 00 - DEWEY DECIMAL CLASSIFICATION NUMBER
Classification number 220.7
Edition information 20
Item number HAL
100 1# - MAIN ENTRY--PERSONAL NAME
Personal name Halley, Henry Hampton,
Dates associated with a name 1874-1965.
9 (RLIN) 12300
245 10 - TITLE STATEMENT
Title Halley's Bible handbook :
Remainder of title an abbreviated Bible commentary /
Statement of responsibility, etc. by Henry H. Halley.
250 ## - EDITION STATEMENT
Edition statement Special edition
260 ## - PUBLICATION, DISTRIBUTION, ETC.
Place of publication, distribution, etc. Grand Rapids, Mich. :
Name of publisher, distributor, etc. Zondervan Pub. House, Academic and Professional Books,
Date of publication, distribution, etc. 1964
300 ## - PHYSICAL DESCRIPTION
Extent 854 p. (large print) :
Other physical details ill. ;
Dimensions 24 cm.
500 ## - GENERAL NOTE
General note Includes index.
630 00 - SUBJECT ADDED ENTRY--UNIFORM TITLE
Uniform title Bible
General subdivision Commentaries.
9 (RLIN) 1243
906 ## - LOCAL DATA ELEMENT F, LDF (RLIN)
a 7
b cbc
c orignew
d 2
e ncip
f 19
g y-gencatlg
942 ## - ADDED ENTRY ELEMENTS (KOHA)
Source of classification or shelving scheme Dewey Decimal Classification
Koha item type Reference Books
Holdings
Withdrawn status Lost status Source of classification or shelving scheme Damaged status Not for loan Home library Current Library Shelving location Date acquired Total checkouts Full call number Barcode Date last seen Copy number Price effective from Koha item type
    Dewey Decimal Classification     GRACE BIBLE COLLEGE GRACE BIBLE COLLEGE Handbook 2018-07-02   220.7 HAL 000090 2025-05-01 c.1 2018-07-02 Reference Books
© Grace Bible College Library 2025